00815nam a22001937a 4500003000400000008004100004020001800045082001700063100002100080245008600101260007500187300001500262650010000277700002600377700001900403942001200422999001700434952017000451OSt260624b |||||||| |||| 00| 0 eng d a9789366261942 a634.97bN25W aNasir, Mohammed  aWood Anatomy: Quick Revision/ by Mohammed Nasir, Pawan Kumar Poonia, Hanumantha M aNew Delhi: bInternational Books & Periodicals Supply Service, c2025. aix, 156 p. aAgriculture and related technologies | Technology (Applied sciences) | Physiology | TreesI Wood aPoonia, Pawan Kumar  aM, Hanumantha  2ddccBK c52287d52287 00102ddc4070aRAUbRAUcGENd2026-06-24eToday & Tomorrow Printers and Publishers g1950.00l0o634.97 N25Wp87127r2026-06-24w2026-01-29yBKkBill No. IN-00449